000 00340nam a22001457a 4500
003 OSt
005 20220104114238.0
008 220104b |||||||| |||| 00| 0 eng d
020 _a9780763782641
040 _cHU
082 _a006.696
100 _aScaramozzind
_927075
245 _aCreating A 3D Animated Cgi Shor
942 _2ddc
_cBOOKS
_n0
999 _c25971
_d25971